Capitales contenant la lettre I - Statistiques

Statistiques générales
  • Ce quiz a été pris 1 121 fois
  • Le résultat moyen est 69 sur 91
Statistiques - réponses
Afrique % Correct
Lisbonne
94%
Washington
94%
Paris
93%
Madrid
92%
Brasilia
91%
Vilnius
90%
Berlin
89%
Dublin
89%
Helsinki
89%
Tunis
89%
Le Caire
88%
Riga
88%
Tallinn
88%
Andorre-la-Vieille
87%
Lima
87%
Mexico
86%
Pékin
86%
Varsovie
86%
Vatican
86%
Buenos Aires
85%
Saint-Marin
85%
Santiago
85%
Vienne
85%
Minsk
84%
New Delhi
84%
Kiev
83%
Wellington
83%
Montevideo
82%
Quito
82%
Tripoli
82%
Chisinau
81%
Reykjavik
81%
Asuncion
80%
Bratislava
80%
Kingston
80%
Kingstown
80%
Nairobi
80%
Sofia
80%
Addis-Abeba
79%
Hanoï
78%
Manille
78%
Riyad
78%
Tirana
78%
Pristina
77%
Islamabad
76%
Kinshasa
76%
Tbilissi
76%
Abou Dabi
75%
Kigali
75%
Saint-Domingue
75%
Antananarivo
74%
Libreville
74%
Paramaribo
74%
Singapour
74%
Bloemfontein / Pretoria
73%
Brazzaville
73%
Djibouti
73%
Nicosie
73%
Podgorica
73%
Port-au-Prince
73%
Vientiane
73%
Mogadiscio
71%
Koweït
70%
Port-Louis
70%
Praia
70%
Bangui
68%
Bichkek
68%
Castries
68%
Dili
68%
Tegucigalpa
68%
Taipei
67%
Windhoek
67%
Monrovia
66%
Victoria
66%
Funafuti
65%
Moroni
65%
Niamey
65%
Apia
64%
Port-Vila
64%
Bissau
63%
Gitega
63%
Thimphou
62%
Bridgetown
61%
Lilongwe
61%
Saint-Georges
61%
Bandar Seri Begawan
60%
Palikir
59%
Saint John's
59%
Honiara
54%
Naypyidaw
45%
Sri Jayawardenapura Kotte
44%
Aucun quiz correspondant
Distribution des résultats
% des personnes avec chaque résultat
Percentile par nombre de réponses
Votre historique - résultats
Vous n’avez pas pris ce quiz